2路線以上乗り入れる1面2線or2面2線の駅 - Statistics

General Stats
  • This quiz has been taken 78 times
    67 since last reset
  • The average score is 10 of 58
Answer Stats
地方 駅名 乗り入れ路線 % Correct
北海道 東釧路 JR根室本線、JR釧網本線
50%
関東 印旛日本医大 北総鉄道北総線、京成成田空港線
50%
関東 千葉ニュータウン中央 北総鉄道北総線、京成成田空港線
46%
関東 赤羽岩淵 東京メトロ南北線、埼玉高速鉄道線
41%
関東 東成田 京成東成田線、芝山鉄道
30%
中部 市振 えちごトキめき鉄道日本海ひすいライン、あいの風とやま鉄道線
29%
中部 倶利伽羅 あいの風とやま鉄道線、IRいしかわ鉄道線
29%
東北 目時 青い森鉄道線、IGRいわて銀河鉄道線
27%
東北 会津高原尾瀬口 会津鉄道会津線、野岩鉄道会津鬼怒川線
27%
近畿 江坂 OsakaMetro御堂筋線、北大阪急行電鉄
27%
関東 鹿島サッカースタジアム JR鹿島線、鹿島臨海鉄道大洗鹿島線
25%
関東 吾野 西武池袋線、西武西武秩父線
25%
関東 白金台 東京メトロ南北線、都営三田線
25%
関東 羽沢横浜国大 相鉄相鉄新横浜線、JR東海道貨物線
25%
中部 上飯田 名古屋市交上飯田線、名鉄小牧線
25%
関東 上総中野 小湊鉄道線、いすみ鉄道線
23%
中国 塩町 JR芸備線、JR福塩線
23%
四国 佐古 JR高徳線、JR徳島線
23%
四国 JR土讃線、JR徳島線
23%
東北 羽前千歳 JR奥羽本線、JR仙山線
21%
中部 和倉温泉 JR七尾線、のと鉄道七尾線
21%
近畿 東舞鶴 JR小浜線、JR舞鶴線
21%
近畿 西代 阪神神戸高速線、山陽電鉄本線
21%
四国 北宇和島 JR予讃線、JR予土線
21%
関東 千葉中央 京成千葉線、京成千原線
20%
近畿 びわ湖浜大津 京阪石山坂本線、京阪京津線
20%
近畿 長田 OsakaMetro中央線、近鉄けいはんな線
20%
九州 田吉 JR日南線、JR宮崎空港線
20%
中部 津島 名鉄尾西線、名鉄津島線
16%
近畿 横山 神戸電鉄三田線、神戸電鉄公園都市線
16%
関東 香取 JR成田線、JR鹿島線
14%
近畿 湊川 神戸電鉄神戸高速線、神戸電鉄有馬線
14%
四国 新谷 JR予讃線、JR内子線
14%
中部 富士山 富士山麓電気鉄道大月線、富士山麓電気鉄道河口湖線
11%
九州 郡元 鹿児島市電谷山線、鹿児島市電唐湊線
11%
北海道 西4丁目 札幌市電都心線、札幌市電一条線
11%
中国 柳川 岡山電気軌道東山本線、岡山電気軌道清輝橋線
9%
中国 居能 JR宇部線、JR小野田線
9%
九州 熊本駅前 熊本市電幹線、熊本市電田崎線
9%
九州 辛島町 熊本市電幹線、熊本市電上熊本線
9%
中部 安野屋 富山地方鉄道安野屋線、富山地方鉄道呉羽線
7%
近畿 日永 四日市あすなろう鉄道内部線、四日市あすなろう鉄道八王子線
7%
近畿 紀ノ川 南海南海本線、南海加太線
7%
中国 紙屋町東 広島電鉄本線、広島電鉄宇品線
7%
中国 紙屋町西 広島電鉄本線、広島電鉄宇品線
7%
中国 土橋 広島電鉄本線、広島電鉄江波線
7%
九州 宇土 JR鹿児島本線、JR三角線
7%
九州 鹿児島中央駅前 鹿児島市電第二期線、鹿児島市電唐湊線
7%
北海道 中央図書館前 札幌市電山鼻西線、札幌市電山鼻線
5%
中部 六渡寺 万葉線高岡軌道線、万葉線新湊港線
5%
中部 西町 富山地方鉄道軌道線、富山地方鉄道富山都心線
5%
四国 上一万 伊予鉄道城南線、伊予鉄道連絡線
5%
九州 水道町 熊本市電幹線、熊本市電水前寺線
5%
九州 水前寺公園 熊本市電水前寺線、熊本市電健軍線
5%
北海道 西15丁目 札幌市電一条線、札幌市電山鼻西線
5%
中部 丸の内 富山地方鉄道軌道線、富山地方鉄道富山都心線、富山地方鉄道安野屋線
4%
四国 西堀端 伊予鉄道城南線、伊予鉄道大手町線
4%
九州 武之橋 鹿児島市電第一期線、鹿児島市電谷山線
2%
No matching quizzes found
Score Distribution
Percent of People with Each Score
Percentile by Number Answered
Your Score History
You have not taken this quiz since the last reset